| 000 | 01097nam a22003377a 4500 | ||
|---|---|---|---|
| 003 | CHAP | ||
| 005 | 20220329143455.0 | ||
| 008 | 080125s2007 mx r 00010 spa d | ||
| 010 | _a97179 | ||
| 011 | _a98151 | ||
| 020 | _a968484672X | ||
| 035 | _a108834 | ||
| 040 | _cCHAP | ||
| 082 | 0 | 4 |
_a863 _bAr41 |
| 100 | 1 |
_aAriceaga, Alejandro _97086 |
|
| 245 | 1 | 0 |
_aObra Alejandrina _c/por Alejandro Ariceaga |
| 260 |
_aMéxico : _bInstituto Mexiquense de Cultura, _c2007 |
||
| 300 |
_a338 p. : _bilus. |
||
| 490 | 0 |
_aBiblioteca Mexiquense del Bicentenario. _pRaíz del hombre |
|
| 590 |
_aBATCH-UPD _b10 _c20130110 _lUCH01 _h1415 |
||
| 590 |
_aBATCH-UPD _b10 _c20130410 _lUCH01 _h0900 |
||
| 590 |
_aBATCH-UPD _b10 _c20130914 _lUCH01 _h0357 |
||
| 590 |
_aCONVERSION _b10 _c20130109 _lUCH01 _h1354 |
||
| 650 | 1 | 4 |
_aCuentos. _930096 |
| 650 | 1 | 4 |
_aLiteratura mexicana. _967138 |
| 650 | 1 | 4 |
_aPoesía mexicana. _990146 |
| 830 | 0 |
_aBiblioteca Mexiquense del Bicentenario. _pRaíz del hombre _912440 |
|
| 901 | _aBK | ||
| 942 | _cLIBRO | ||
| 949 |
_a863 Ar41 _bBC _cLIBRO _d33724002104694 _eLIBRO _h111428 _i108834 _si |
||
| 999 |
_c97179 _d97179 |
||